Normal view MARC view
  • Prasad, Anand

Entry Personal Name

Number of records used in: 1

001 - CONTROL NUMBER

  • control field: 97799

003 - CONTROL NUMBER IDENTIFIER

  • control field: NUST

005 - DATE AND TIME OF LATEST TRANSACTION

  • control field: 20220817131333.0

008 - FIXED-LENGTH DATA ELEMENTS

  • fixed length control field: 220817|| aca||aabn | a|a d

040 ## - CATALOGING SOURCE

  • Original cataloging agency: NUST
  • Transcribing agency: NUST

100 ## - HEADING--PERSONAL NAME

  • Personal name: Prasad, Anand

670 ## - SOURCE DATA FOUND

  • Source citation: Work cat.: (NUST)175711: Prasad, Anand., 802.11 WLANs and IP networking :, c2005.
© 2023 Central Library, National University of Sciences and Technology. All Rights Reserved.